| 000 | 00442nam a22001577a 4500 | ||
|---|---|---|---|
| 008 | 230619b xxu||||| |||| 00| 0 eng d | ||
| 020 | _a9211301742 | ||
| 050 | _bVol 1 | ||
| 082 |
_a305.42 _bUN |
||
| 100 | _cUnited Nations | ||
| 245 |
_aThe Work of CEDAW _bReports of the committee on the elimination of discrimination against women (CEDAW) _cVolume 3 1988 |
||
| 260 |
_bUN _c1988 |
||
| 300 | _a193p | ||
| 440 | _vVolume 3 | ||
| 942 |
_2ddc _cBK |
||
| 999 |
_c1390 _d1390 |
||